|
|
|
|
| LEADER |
00000cam a2200000 4500 |
| 001 |
vtls012016780 |
| 003 |
SK-MaSNL |
| 005 |
20260426003804.0 |
| 008 |
210304s2020 xo dl frn 000 0 eng |
| 015 |
|
|
|a SNBA2023/05
|
| 020 |
|
|
|a 9788081528934
|q (brožované)
|
| 040 |
|
|
|a SNK
|b slo
|c SNK
|e rda
|
| 041 |
0 |
|
|a eng
|
| 043 |
|
|
|a e-xo---
|
| 044 |
|
|
|a xo
|c SK
|
| 072 |
|
7 |
|a 323
|x Vnútropolitický vývoj, politický život
|2 konspekt
|
| 072 |
|
7 |
|a 316.3
|x Globálne spoločnosti. Sociálna štruktúra. Sociálne skupiny
|2 konspekt
|
| 080 |
|
|
|a 323.1
|2 2011
|
| 080 |
|
|
|a 323.15
|2 2011
|
| 080 |
|
|
|a 316.347
|2 2011
|
| 080 |
|
|
|a 316.72/.75-027.22
|2 2011
|
| 080 |
|
|
|a 341.234
|2 2011
|
| 080 |
|
|
|a (437.6)
|2 2011
|
| 080 |
|
|
|a (048.8:082)
|2 2011
|
| 080 |
|
|
|a (048.83)
|2 2011
|
| 245 |
0 |
0 |
|a Ethnic relations in Slovakia at the beginning of the 21st century
|c Mária Ďurkovská, Štefan Šutaj, Nikola Regináčová (eds.)
|
| 250 |
|
|
|a First edition
|
| 264 |
|
1 |
|a Košice
|b ŠafárikPress
|b Pavol Jozef Šafárik University in Košice, Faculty of Arts
|c 2020
|
| 300 |
|
|
|a 207 strán
|b grafy, schémy, tabuľky
|c 24 cm
|
| 336 |
|
|
|a text
|b txt
|2 rdacontent
|
| 337 |
|
|
|a bez média
|b n
|2 rdamedia
|
| 338 |
|
|
|a zväzok
|b nc
|2 rdacarrier
|
| 366 |
|
|
|e 100 kusov
|
| 500 |
|
|
|a Obsahuje zoznam autorov
|
| 504 |
|
|
|a Bibliografia za jednotlivými príspevkami. Bibliografické odkazy
|
| 648 |
|
7 |
|a 21. storočie
|2 SNKPH
|9 301294
|
| 648 |
|
7 |
|a 21st century
|2 SNKPHeng
|9 303236
|
| 650 |
0 |
7 |
|a etnické vzťahy
|2 SNKPH
|9 3862
|
| 650 |
0 |
7 |
|a národnostné menšiny
|2 SNKPH
|9 2669
|
| 650 |
0 |
7 |
|a etnicita
|2 SNKPH
|9 4899
|
| 650 |
0 |
7 |
|a kultúrny život
|2 SNKPH
|9 3182
|
| 650 |
0 |
7 |
|a práva menšín
|2 SNKPH
|9 2259
|
| 650 |
0 |
7 |
|a Ethnic relations
|2 SNKPHeng
|9 304192
|
| 650 |
0 |
7 |
|a Ethnic minorities
|2 SNKPHeng
|9 265191
|
| 650 |
0 |
7 |
|a Ethnicity
|2 SNKPHeng
|9 268216
|
| 650 |
0 |
7 |
|a Cultural life
|2 SNKPHeng
|9 265153
|
| 650 |
0 |
7 |
|a Rights of minorities
|2 SNKPHeng
|9 268664
|
| 651 |
|
7 |
|a Slovensko
|2 SNKPHgeo
|9 14231
|
| 651 |
|
7 |
|a Slovakia
|2 SNKPHeng
|9 92630
|
| 655 |
|
7 |
|a kolektívne monografie
|2 SNKPH
|9 249850
|
| 655 |
|
7 |
|a analytické štúdie
|2 SNKPH
|9 376496
|
| 655 |
|
7 |
|a Collective monographs
|2 SNKPHeng
|9 125747
|
| 655 |
|
7 |
|a Analytic studies
|2 SNKPHeng
|9 278714
|
| 700 |
1 |
|
|a Ďurkovská, Mária,
|d 1981-
|4 edt
|9 237815
|
| 700 |
1 |
|
|a Šutaj, Štefan,
|d 1954-
|4 edt
|9 102539
|
| 700 |
1 |
|
|a Regináčová, Nikola,
|d 1984-
|4 edt
|9 211000
|
| 710 |
2 |
|
|a Univerzita Pavla Jozefa Šafárika v Košiciach.
|b Filozofická fakulta
|4 pbl
|9 195597
|
| 852 |
|
|
|a Slovenská národná knižnica
|
| 919 |
|
|
|a 978-80-8152-893-4
|
| 954 |
|
|
|a odborná, vedecká literatúra pôvodná (slovenská)
|2 lita
|
| 958 |
|
|
|a NB
|
| 999 |
|
|
|c 955203
|d 957133
|
| 952 |
|
|
|a SNK
|b SNK
|y PREZ
|7 0
|p 17A1471714
|o snkSC 196171
|i snk2022/2018
|8 0
|0 0
|1 0
|4 0
|d 2022-02-07
|l 0
|r 2025-10-15 00:00:00
|w 2026-02-24
|